| 000 | 00658nam a2200229 i 4500 | ||
|---|---|---|---|
| 001 | bg | ||
| 245 | 0 | 0 |
_aGeografia gospodarcza świata : _bpraca zbiorowa / _cpod red. Ireny Fierli ; aut. Irena Fierla [et al.]. |
| 260 |
_aWarszawa : _bPolskie Wydawnictwo Ekonomiczne, _c2000. |
||
| 300 |
_a461 s. : _bmapy, wykr. ; _c24 cm. |
||
| 504 | _aIndeks. | ||
| 650 | 9 | _aGeografia gospodarcza | |
| 655 | _aPodręczniki | ||
| 700 | 1 |
_aFIERLA, Irena _d(1933- ) |
|
| 020 | _a8320813395 | ||
| 040 | _cBPK | ||
| 041 | 0 | _apol | |
| 041 | 0 | _apol | |
| 080 | _a913(100):33](07) | ||
| 920 | _a83-208-1339-5 | ||
| 942 | _cKS | ||
| 008 | s pl f |000 0 pol | ||
| 999 |
_c52408 _d52408 |
||
| 856 |
_uhttp://koha.tu.koszalin.pl/cgi-bin/koha/opac-detail.pl?biblionumber=52408 _yKatalog online BPK |
||